000 00937nam a22002417a 4500
001 9908
003 FISKH
005 20260325080452.0
008 260313b cb ||||| |||| 00| 0 eng d
020 _a9781907602368
040 _aFISKH
_beng
_cFISKH
_dFISKH
082 _a793.73
100 _aPedigree
245 _aAngry birds :
_bAnnual 2013 /
_cBy Pedigree
260 _aExeter, Devon :
_bPedigree Books Ltd ,
_c2012 .
300 _a77 pages :
_bcolor illustrations ;
_c30 cm .
505 _aM
520 _aAngry Birds Annual 2013 is a fun, illustrated children’s annual featuring: short stories or themed pages puzzles games Angry Birds characters and activities It’s designed for young readers and fans of the Angry Birds brand, with varied content rather than a single narrative.
521 8 _a530
_bLexile estimate
521 8 _aM
_bRaz-Plus
942 _2ddc
_cBK
_n0
999 _c9908
_d9908